01624nam a2200289 a 4500001001000000005001700010008004100027041000800068044000700076050002300083100002200106245038200128260004400510300004400554500001800598500003200616500000900648500009200657500002100749500002100770500006400791500005800855505028400913506009201197650003001289650001501319BRCA_855520190320210329.0170816s1673----it-#######---#000-0#lat-# alat ait 4aBV5070b.K57c16731 aKiselio, Philippo10aNili mystici ex paradiso voluptatis, verbi divini, septemplici alveo defluentis, et totidem effusionibus pretiosi sanguinis D.N jesu christi sacri auctarium primum, sive annus octavus, concionum in omnes Dominicas & festa per annum, additis doudecim favis, de dulci memoria jesu crucifixi, sive totidem exhortationibus ad sodales christi in cruce agonizantiscPhilippo Kiselio. aBambergaebJoannis Arnorldi Cholic1673 a1 vol. (con varias paginaciones)c21 cm aFondo antiguo aSe encuentra en Caja Fuerte aW-36 aGrabado en la dedicatoria al revenrendissimo, et pirilvsiri dominio D. Georigio Henrico aIncluye índice aIncluye prefacio aEstado físico: Portada y página de la dedicatoria rotas aNota de encuadernación: en madera, desgaste en lomo0 aAuctarii nilimystici, sive concionum in omnes dominicas a pentecoste usque ad adventum pars II, III, IV.-- Favus distillans, sive jusu crucifixi in cruce morientis agonia amarissimaq ejus passionis, año 1673.-- Liber vitae pretioso jesucrucifixi sanguine descriptus, año 16740 aFondo reservado: para su consulta es necesario credencial de usuario y carta de motivos14aOrden jesuitaeLiteratura14aMisticismo